| 000 | 00932nac a22002897a 4500 | ||
|---|---|---|---|
| 001 | BR7375043 | ||
| 003 | BR-BrBNA | ||
| 005 | 20240105113721.0 | ||
| 008 | 230509b bl.|||m| |||| 00| 0 por d | ||
| 040 |
_aBR-BrBNA _bpor _cBiblioteca Nacional de Agricultura |
||
| 072 | _aP33 | ||
| 090 | _aP33 BR7375043 | ||
| 100 | 1 | _aLeopoldo, P.R. | |
| 100 | 1 | _aSalati, E. | |
| 100 | 1 | _aMatsui, E. | |
| 110 | 1 | _aCentro de Energia Nuclear na Agricultura, Piracicaba, SP (Brasil) | |
| 245 | 1 | _aMetodo de extracao da agua do solo para analise da relacao D./H [Deuterio; Hidrogenio] | |
| 260 | 3 |
_aPiracicaba, SP (Brasil): _c1973. |
|
| 300 | _a21 p. | ||
| 490 |
_aBoletim Cientifico - Centro de Energia Nuclear na Agricultura (Brazil) _vno. 9 _x |
||
| 500 | _aSummaries (En, Pt); 10 ref. | ||
| 650 | _aAGUA | ||
| 650 | _aDEUTERIO | ||
| 650 | _aHIDROGENIO | ||
| 909 |
_a202312 _bLúcia Elande _c55 _dLúcia Elande |
||
| 942 |
_2AGRIS _n0 _cMS |
||
| 999 |
_c265152 _d265152 |
||